000 00342nam a2200133Ia 4500
008 240624s9999 xx 000 0 und d
041 _aeng
082 _a330 YUN
100 _aYUNUS MUHAMMAD
245 _aWORLD OF THREE ZEROS THE NEW ECONOMICS O
260 _c2017
_aNew Delhi
_bHachette
300 _avii, 288 p.; 22 cm.
365 _cRS
_b30
999 _c29616
_d29616